Evénements du 2 août - Statistiques

Statistiques générales
  • Ce quiz a été pris 42 fois
  • Le résultat moyen est 9 sur 15
Statistiques - réponses
Hint Réponse % Correct
Mobilisation en France pour la 1ère Guerre mondiale 1914
93%
Napoléon Bonaparte devient consul à vie 1802
90%
Le général de Gaulle est condamné à mort par contumace 1940
86%
Naissance de Muriel Robin 1955
83%
Attentat dans la gare de Bologne 1980
76%
Naissance de Philippe d'Orléans, futur régent de France 1674
72%
Abdication de Charles X 1830
62%
Naissance de l'hypnotiseur Messmer 1971
62%
Bataille de Cannes - 216
55%
Naissance du sculpteur Frédéric Bartholdi 1834
48%
Mort du maréchal Hindenburg 1934
31%
Mort du mathématicien Lazare Carnot 1823
28%
Mort du ténor Enrico Caruso 1921
28%
Mort de Louis Blériot 1936
24%
Naissance de l'acteur Peter O'Toole 1932
17%
Aucun quiz correspondant
Distribution des résultats
% des personnes avec chaque résultat
Percentile par nombre de réponses
Votre historique - résultats
Vous n’avez pas pris ce quiz